[Event "Yaroslav the Wise op"]
[Site "Yaroslavl"]
[Date "2018.07.27"]
[Round "8"]
[White "Sapegin, Viktor"]
[Black "Mokshanova, Elizaveta"]
[Result "1-0"]
[WhiteElo "2201"]
[BlackElo "2046"]
[PlyCount "61"]
[EventDate "2018.07.20"]
[EventType "swiss"]
[EventRounds "9"]
[EventCountry "RUS"]
[SourceTitle "CBM 186 Extra"]
[Source "ChessBase"]
[SourceDate "2018.08.24"]
[SourceVersion "1"]
[SourceVersionDate "2018.08.24"]
[SourceQuality "1"]

1. e4 c5 2. a3 e6 3. b4 cxb4 4. axb4 Bxb4 5. Bb2 Nf6 6. e5 Nd5 7. c4 Ne7 8. Qh5 Nbc6 9. Nf3 Ng6 10. Na3 Qb6 11. Nb5 a6 12. Bc3 Rb8 13. Nd6+ Bxd6 14. exd6 Nb4 15. Kd1 Na2 16. Bxg7 Qb3+ 17. Ke1 Nb4 18. Nd4 Nd3+ 19. Bxd3 Qxd3 20. h4 Qe4+ 21. Kf1 Nf4 22. Qg5 f6 23. Bxf6 Rf8 24. Be5 Ng6 25. Re1 Qd3+ 26. Kg1 Rf7 27. Rh3 Qxc4 28. Rc3 Qd5 29. Rec1 Rf5 30. Nxf5 Qxe5 31. Rxc8+ 1-0

[Event "Yaroslav the Wise op"]
[Site "Yaroslavl"]
[Date "2018.07.24"]
[Round "5"]
[White "Arutyunova, Asya"]
[Black "Sapegin, Viktor"]
[Result "1/2-1/2"]
[WhiteElo "2131"]
[BlackElo "2201"]
[PlyCount "120"]
[EventDate "2018.07.20"]
[EventType "swiss"]
[EventRounds "9"]
[EventCountry "RUS"]
[SourceTitle "CBM 186 Extra"]
[Source "ChessBase"]
[SourceDate "2018.08.24"]
[SourceVersion "1"]
[SourceVersionDate "2018.08.24"]
[SourceQuality "1"]

1. Nf3 Nf6 2. g3 d6 3. d4 g6 4. Bg2 Bg7 5. 0-0 0-0 6. c4 Nc6 7. Nc3 Bf5 8. d5 Na5 9. Nd2 c5 10. e4 Bg4 11. f3 Bd7 12. Qe2 e6 13. Rb1 exd5 14. cxd5 Re8 15. a3 Nh5 16. Nc4 Nxc4 17. Qxc4 Rb8 18. Nb5 Qf6 19. Rd1 a6 20. Nc3 b5 21. Qd3 Qd4+ 22. Qxd4 Bxd4+ 23. Kh1 b4 24. Ne2 Bg7 25. Be3 Ba4 26. Re1 Bc2 27. Rbc1 b3 28. Nc3 Bxc3 29. bxc3 b2 30. Rxc2 b1Q 31. Rxb1 Rxb1+ 32. Bc1 f5 33. Bh3 Kg7 34. Kg2 Kf6 35. exf5 gxf5 36. Kf2 c4 37. g4 Ng7 38. Be3 fxg4 39. fxg4 Reb8 40. Bc1 Ne8 41. Kg3 Kg6 42. Bg2 h6 43. h4 Nf6 44. h5+ Kg7 45. Bf4 R8b2 46. Rxb2 Rxb2 47. Bxd6 Nxg4 48. Kxg4 Rxg2+ 49. Kf4 Rg5 50. Ke4 Rxh5 51. Kd4 Rh4+ 52. Kc5 Kf7 53. Kc6 Rh3 54. Be5 Re3 55. Bd4 Rd3 56. d6 Rxd4 57. Kc5 Rd3 58. Kc6 Rd4 59. cxd4 c3 60. d7 c2 1/2-1/2